[Event "POL-ch U18 Girls"]
[Site "Leba"]
[Date "2008.03.31"]
[Round "3"]
[White "Rozycka, Justyna"]
[Black "Kowalczyk, Sabina"]
[Result "0-1"]
[WhiteElo "1675"]
[BlackElo "1663"]
[PlyCount "80"]
[EventDate "2008.03.29"]
[EventType "swiss"]
[EventRounds "11"]
[EventCountry "POL"]
[SourceTitle "CBM 123 Extra"]
[Source "ChessBase"]
[SourceDate "2008.05.06"]
[SourceVersion "1"]
[SourceVersionDate "2008.05.06"]
[SourceQuality "1"]

1. d4 d5 2. Nf3 Nf6 3. Bf4 e6 4. e3 Bd6 5. Nbd2 Bxf4 6. exf4 a6 7. g3 Nbd7 8. Bg2 0-0 9. 0-0 c5 10. dxc5 Nxc5 11. Re1 Qb6 12. Nb3 Nce4 13. Qd4 Qc7 14. Rac1 b5 15. Ne5 Bb7 16. c3 Rac8 17. Qe3 Rfd8 18. Nd4 Nd6 19. Bf1 Ba8 20. h3 Nfe4 21. Kh2 Nc5 22. g4 Nc4 23. Bxc4 dxc4 24. Ndc6 Rd5 25. Nb4 Rd6 26. Red1 Rcd8 27. Rxd6 Rxd6 28. g5 a5 29. Nc2 Nd3 30. Rb1 Qb7 31. Qg3 Nxf4 32. Nd4 Qe4 33. Rg1 Qxe5 34. Nxb5 Qxb5 35. Qxf4 Rd8 36. Qc7 Qb8 37. Qxb8 Rxb8 38. Rb1 Be4 39. Rd1 g6 40. Rd2 Bd3 0-1

[Event "POL-chT U19 2nd League"]
[Site "Lublin"]
[Date "2007.07.15"]
[Round "11"]
[White "Dymek, Lukasz"]
[Black "Kowalczyk, Sabina"]
[Result "1-0"]
[WhiteElo "2096"]
[BlackElo "1660"]
[PlyCount "47"]
[EventDate "2007.07.07"]
[EventType "team-swiss"]
[EventRounds "11"]
[EventCountry "POL"]
[SourceTitle "EXT 2010"]
[Source "ChessBase"]
[SourceDate "2010.11.25"]
[SourceVersion "1"]
[SourceVersionDate "2010.11.25"]
[SourceQuality "1"]
[WhiteTeam "Lublin MKS Start U19"]
[BlackTeam "Makowiec PUKS U19"]
[WhiteTeamCountry "POL"]
[BlackTeamCountry "POL"]

1. Nf3 e6 2. g3 d5 3. Bg2 Nf6 4. 0-0 Bd6 5. d3 c6 6. Re1 0-0 7. c3 e5 8. e4 Re8 9. Nbd2 Bg4 10. h3 Bd7 11. Nf1 Qc8 12. Kh2 Na6 13. Bg5 Re6 14. Qc2 h6 15. Bxf6 gxf6 16. Ne3 dxe4 17. dxe4 Re8 18. Nh4 Nc7 19. Qe2 Kh7 20. Qh5 Be6 21. Nhf5 Bf8 22. Ng4 Bxf5 23. Qxf7+ Bg7 24. Nxf6+ 1-0

[Event "POL-chT U19 2nd League"]
[Site "Lublin"]
[Date "2007.07.13"]
[Round "9"]
[White "Kowalczyk, Sabina"]
[Black "Markiewicz, Mateusz"]
[Result "1/2-1/2"]
[WhiteElo "1660"]
[BlackElo "1973"]
[PlyCount "43"]
[EventDate "2007.07.07"]
[EventType "team-swiss"]
[EventRounds "11"]
[EventCountry "POL"]
[SourceTitle "EXT 2010"]
[Source "ChessBase"]
[SourceDate "2010.11.25"]
[SourceVersion "1"]
[SourceVersionDate "2010.11.25"]
[SourceQuality "1"]
[WhiteTeam "Makowiec PUKS U19"]
[BlackTeam "Pilzno GKSz Hetman U19"]
[WhiteTeamCountry "POL"]
[BlackTeamCountry "POL"]

1. e4 c5 2. Nf3 Nc6 3. Bb5 d6 4. Bxc6+ bxc6 5. 0-0 e5 6. d3 Be7 7. h3 f5 8. exf5 Bxf5 9. c3 Nf6 10. d4 cxd4 11. cxd4 e4 12. Nfd2 0-0 13. Nc3 a5 14. Qb3+ d5 15. Re1 Nd7 16. Ndxe4 Rb8 17. Qc2 dxe4 18. Nxe4 Nf6 19. Nxf6+ Rxf6 20. Qc4+ Qd5 21. Qxd5+ cxd5 22. Rxe7 1/2-1/2

[Event "POL-chT U19 2nd League"]
[Site "Lublin"]
[Date "2007.07.09"]
[Round "4"]
[White "Kowalczyk, Sabina"]
[Black "Sleczka, Bartosz"]
[Result "1/2-1/2"]
[WhiteElo "1660"]
[BlackElo "1788"]
[PlyCount "42"]
[EventDate "2007.07.07"]
[EventType "team-swiss"]
[EventRounds "11"]
[EventCountry "POL"]
[SourceTitle "EXT 2010"]
[Source "ChessBase"]
[SourceDate "2010.11.25"]
[SourceVersion "1"]
[SourceVersionDate "2010.11.25"]
[SourceQuality "1"]
[WhiteTeam "Makowiec PUKS U19"]
[BlackTeam "Wieliczka MKS MOS U19"]
[WhiteTeamCountry "POL"]
[BlackTeamCountry "POL"]

1. e4 e5 2. Nf3 Nc6 3. Bc4 Bc5 4. c3 Nf6 5. d4 exd4 6. cxd4 Bb4+ 7. Nc3 Nxe4 8. 0-0 Bxc3 9. d5 Bf6 10. Re1 Ne7 11. Rxe4 d6 12. Bg5 Bxg5 13. Nxg5 0-0 14. Nxh7 Kxh7 15. Qh5+ Kg8 16. Rh4 f5 17. Qh7+ Kf7 18. Rh6 Bd7 19. Be2 Rg8 20. Re1 Kf8 21. Bh5 Be8 1/2-1/2

[Event "Makowiec Radomski-ch"]
[Site "Makowiec"]
[Date "2007.05.02"]
[Round "6"]
[White "Makosa, Angelika"]
[Black "Kowalczyk, Sabina"]
[Result "1-0"]
[WhiteElo "1731"]
[BlackElo "1701"]
[PlyCount "205"]
[EventDate "2007.04.29"]
[EventType "swiss"]
[EventRounds "9"]
[EventCountry "POL"]
[SourceTitle "EXT 2023"]
[Source "ChessBase"]
[SourceDate "2022.10.05"]
[SourceVersion "1"]
[SourceVersionDate "2022.10.05"]
[SourceQuality "1"]

1. e4 e6 2. d4 d5 3. exd5 exd5 4. Nf3 Nf6 5. Bd3 Bd6 6. Be3 Be6 7. c3 c6 8. Qc2 h6 9. h3 Qc7 10. Nbd2 Nbd7 11. Nh4 Nb6 12. Bf5 Qe7 13. Bxe6 Qxe6 14. Nf5 Bf8 15. 0-0-0 g6 16. Ng3 0-0-0 17. Rde1 Re8 18. Nf3 Qd7 19. Ne5 Qc7 20. Bf4 Bd6 21. Kb1 Nc4 22. Ng4 Bxf4 23. Nxf6 Rxe1+ 24. Rxe1 Bxg3 25. fxg3 Qxg3 26. Qe2 Qd6 27. Qg4+ Kb8 28. Nd7+ Kc7 29. Nc5 Nd2+ 30. Kc2 f5 31. Ne6+ Kb6 32. Qxg6 Ne4 33. Qxf5 Rg8 34. g4 Qh2+ 35. Kb1 Qxh3 36. Qf7 Rxg4 37. Qc7+ Ka6 38. Nd8 Qd3+ 39. Ka1 Qb5 40. Ne6 Rg2 41. Rb1 Rf2 42. Qd8 Qb6 43. Nc7+ Ka5 44. Qe7 c5 45. dxc5 Qc6 46. b4+ Ka4 47. b5 Qxc5 48. Qxc5 Nxc5 49. Nxd5 Ne4 50. Rb4+ Ka5 51. Rxe4 Kxb5 52. Rh4 Rf5 53. Ne7 Re5 54. Ng8 h5 55. Nf6 Rc5 56. Kb2 Ka6 57. Rxh5 Rc6 58. Nd7 Rd6 59. Nc5+ Kb6 60. Na4+ Kc6 61. Rc5+ Kd7 62. Ra5 a6 63. Rh5 Kc7 64. Rh7+ Kc6 65. Kb3 Rd5 66. Rh6+ Kc7 67. c4 Rd3+ 68. Kb4 Rg3 69. Rh7+ Kc6 70. Nc5 Rg2 71. Rh6+ Kc7 72. a3 Rb2+ 73. Kc3 Rb1 74. Nd3 Ra1 75. Kb2 Rd1 76. Nc5 Rd2+ 77. Kc3 Ra2 78. Kb3 Ra1 79. Kb2 Re1 80. Rh7+ Kc6 81. Nxb7 Re2+ 82. Kb3 Re3+ 83. Kb4 Re4 84. Na5+ Kd6 85. Rh6+ Kc7 86. Rxa6 Rg4 87. Rc6+ Kd7 88. Rc5 Rg1 89. a4 Kd6 90. Nb3 Rb1 91. Rb5 Kc6 92. a5 Rf1 93. a6 Rf7 94. Ka5 Ra7 95. Rb6+ Kc7 96. Nc5 Ra8 97. Rb7+ Kc6 98. a7 Kxc5 99. Ka6 Rh8 100. Rc7+ Kd6 101. Kb7 Rf8 102. c5+ Kd5 103. a8Q 1-0

[Event "Makowiec Radomski-ch"]
[Site "Makowiec"]
[Date "2007.05.01"]
[Round "4.2"]
[White "Pietocha, Pawel"]
[Black "Kowalczyk, Sabina"]
[Result "1-0"]
[WhiteElo "2027"]
[BlackElo "1701"]
[PlyCount "95"]
[EventDate "2007.04.29"]
[EventType "swiss"]
[EventRounds "9"]
[EventCountry "POL"]
[SourceTitle "EXT 2023"]
[Source "ChessBase"]
[SourceDate "2022.10.05"]
[SourceVersion "1"]
[SourceVersionDate "2022.10.05"]
[SourceQuality "1"]

1. Nf3 e6 2. g3 d5 3. Bg2 Nc6 4. 0-0 Bd6 5. b3 Nf6 6. Bb2 e5 7. d3 0-0 8. Nbd2 Bg4 9. e4 dxe4 10. dxe4 Qe7 11. c3 Rad8 12. Qc2 Qe6 13. Nc4 Be7 14. Ne3 Bc5 15. Rfe1 Rd6 16. Nc4 Rd7 17. Ng5 Qe7 18. b4 Bb6 19. a4 a5 20. Nxb6 cxb6 21. b5 Nd8 22. Ba3 Qe8 23. f4 Rc7 24. h3 Be6 25. Nf3 exf4 26. gxf4 Nh5 27. f5 Bc4 28. Rad1 Rd7 29. Rd4 Rxd4 30. cxd4 Bxb5 31. axb5 Qxb5 32. Bxf8 Kxf8 33. e5 Nf4 34. Qe4 Nh5 35. e6 fxe6 36. fxe6 Ke7 37. Nh4 g6 38. Qd5 Qa4 39. Qd7+ Qxd7 40. exd7+ Kxd7 41. Nf3 b5 42. Ne5+ Kd6 43. Rb1 b4 44. Nc4+ Kc7 45. Nxa5 b6 46. Nc4 Ne6 47. d5 b5 48. dxe6 1-0

[Event "POL-ch U16 Girls"]
[Site "Leba"]
[Date "2007.04.01"]
[Round "11"]
[White "Ostrowska, Marta"]
[Black "Kowalczyk, Sabina"]
[Result "0-1"]
[WhiteElo "1642"]
[BlackElo "1701"]
[PlyCount "102"]
[EventDate "2007.03.24"]
[EventType "swiss"]
[EventRounds "11"]
[EventCountry "POL"]
[SourceTitle "EXT 2011"]
[Source "ChessBase"]
[SourceDate "2010.11.26"]
[SourceVersion "1"]
[SourceVersionDate "2010.11.26"]
[SourceQuality "1"]

1. e4 e5 2. d4 exd4 3. Qxd4 Nc6 4. Qe3 Nf6 5. Nc3 Bb4 6. Bd2 0-0 7. 0-0-0 Re8 8. Qg3 Rxe4 9. a3 Ba5 10. h4 d6 11. f3 Nh5 12. Qh2 Re8 13. Bg5 Nf6 14. Nd5 Re6 15. h5 Ng4 16. Qh4 f6 17. Bd2 Bxd2+ 18. Kxd2 Nh6 19. g4 Nd4 20. c3 Nb3+ 21. Kc2 Nc5 22. Bc4 Kf8 23. Ne2 Re8 24. Ng3 c6 25. Nf4 b5 26. Ba2 Qa5 27. Kb1 Qc7 28. Nh3 d5 29. g5 Nf5 30. Nxf5 Bxf5+ 31. Ka1 Bxh3 32. Rxh3 fxg5 33. Qxg5 h6 34. Qf5+ Kg8 35. Bb1 Ne6 36. Qh7+ Kf8 37. Rg1 Qe5 38. Rhg3 Ng5 39. Qc2 Qf4 40. Qf2 Re7 41. Qc5 Qc7 42. Rg4 Ne6 43. Qf2 Nf4 44. Qh4 Rf7 45. Bc2 a5 46. Bd1 b4 47. cxb4 axb4 48. a4 c5 49. Rf1 c4 50. Kb1 b3 51. Rxf4 Qxf4 0-1

[Event "POL-ch U16 Girls"]
[Site "Leba"]
[Date "2007.03.27"]
[Round "5"]
[White "Kowalczyk, Sabina"]
[Black "Piekarska, Anna"]
[Result "1-0"]
[WhiteElo "1701"]
[BlackElo "1756"]
[PlyCount "43"]
[EventDate "2007.03.24"]
[EventType "swiss"]
[EventRounds "11"]
[EventCountry "POL"]
[SourceTitle "EXT 2011"]
[Source "ChessBase"]
[SourceDate "2010.11.26"]
[SourceVersion "1"]
[SourceVersionDate "2010.11.26"]
[SourceQuality "1"]

1. e4 e5 2. Nf3 Nc6 3. Bc4 Bc5 4. c3 Nf6 5. d4 exd4 6. 0-0 Nxe4 7. cxd4 d5 8. dxc5 dxc4 9. Qe2 Qd3 10. Re1 f5 11. Nc3 0-0 12. Nxe4 fxe4 13. Qxe4 Bf5 14. Qh4 Rae8 15. Be3 Nb4 16. Rad1 Qe4 17. Bf4 Qc6 18. Bxc7 Re4 19. Rxe4 Bxe4 20. Ng5 Qxc7 21. Qxe4 h6 22. Qh7# 1-0

[Event "POL-ch U16 Girls"]
[Site "Leba"]
[Date "2006.04.01"]
[Round "10"]
[White "Kowalczyk, Sabina"]
[Black "Raszkiewicz, Agnieszka"]
[Result "0-1"]
[WhiteElo "1714"]
[BlackElo "1800"]
[PlyCount "72"]
[EventDate "2006.03.25"]
[EventType "swiss"]
[EventRounds "11"]
[EventCountry "POL"]
[SourceTitle "CBM 111 Extra"]
[Source "ChessBase"]
[SourceDate "2006.05.09"]
[SourceVersion "1"]
[SourceVersionDate "2006.05.09"]
[SourceQuality "1"]

1. e4 c5 2. c3 d5 3. exd5 Qxd5 4. d4 Nf6 5. Nf3 e6 6. Bf4 Nc6 7. Be2 Be7 8. 0-0 cxd4 9. cxd4 0-0 10. Nc3 Qd8 11. a3 b6 12. Bd3 Bb7 13. Bc2 Re8 14. Qd3 g6 15. Rfd1 Rc8 16. Qe3 Na5 17. Rab1 Nc4 18. Qd3 Kg7 19. Ne5 Nxe5 20. dxe5 Nd5 21. Qg3 Qc7 22. Nxd5 Bxd5 23. Rbc1 Qb7 24. Qh3 Rc4 25. Qh6+ Kg8 26. f3 Bf8 27. Qg5 Qe7 28. Qg3 Qc5+ 29. Qf2 Qxf2+ 30. Kxf2 Rxf4 31. Bd3 Rd4 32. Ke3 Bc5 33. Ke2 Bb3 34. Rf1 Red8 35. Bb5 Rd2+ 36. Ke1 Rxb2 0-1

[Event "POL-ch U16 Girls"]
[Site "Leba"]
[Date "2006.03.30"]
[Round "8"]
[White "Kowalczyk, Sabina"]
[Black "Karbowiak, Sylwia"]
[Result "1-0"]
[WhiteElo "1714"]
[BlackElo "1600"]
[PlyCount "63"]
[EventDate "2006.03.25"]
[EventType "swiss"]
[EventRounds "11"]
[EventCountry "POL"]
[SourceTitle "CBM 111 Extra"]
[Source "ChessBase"]
[SourceDate "2006.05.09"]
[SourceVersion "1"]
[SourceVersionDate "2006.05.09"]
[SourceQuality "1"]

1. e4 c5 2. c3 d5 3. exd5 Qxd5 4. d4 cxd4 5. cxd4 Nc6 6. Nf3 Bg4 7. Nc3 Bxf3 8. Nxd5 Bxd1 9. Nc7+ Kd7 10. Nxa8 Bg4 11. f3 Bf5 12. Bf4 e5 13. dxe5 Bb4+ 14. Ke2 Be6 15. a3 Bc5 16. b4 Bb6 17. Nxb6+ axb6 18. Kf2 Nge7 19. Rd1+ Kc7 20. Rc1 Ng6 21. Be3 Kd7 22. f4 Ra8 23. b5 Nce7 24. Bxb6 Nd5 25. Rd1 Ke8 26. Bc5 Ngxf4 27. b6 Rc8 28. Rc1 Nxb6 29. g3 Bd5 30. Rg1 Ne6 31. Bc4 Bc6 32. Bxb6 1-0

[Event "POL-ch U16 Girls"]
[Site "Leba"]
[Date "2006.03.26"]
[Round "3"]
[White "Kowalczyk, Sabina"]
[Black "Swieszek, Joanna"]
[Result "0-1"]
[WhiteElo "1714"]
[BlackElo "1882"]
[PlyCount "72"]
[EventDate "2006.03.25"]
[EventType "swiss"]
[EventRounds "11"]
[EventCountry "POL"]
[SourceTitle "CBM 111 Extra"]
[Source "ChessBase"]
[SourceDate "2006.05.09"]
[SourceVersion "1"]
[SourceVersionDate "2006.05.09"]
[SourceQuality "1"]

1. e4 c5 2. c3 d5 3. exd5 Qxd5 4. d4 e6 5. Nf3 Nc6 6. Be2 cxd4 7. cxd4 Nf6 8. Nc3 Qd8 9. 0-0 Be7 10. Bf4 Nd5 11. Be3 0-0 12. a3 b6 13. Qc2 Bb7 14. Bd3 Nf6 15. Rfd1 Rc8 16. Ng5 h6 17. Nf3 Bd6 18. Rac1 Ne7 19. Ne5 Qc7 20. Nf3 Bxf3 21. gxf3 Bxh2+ 22. Kf1 Ned5 23. Nxd5 Nxd5 24. Qd2 Nxe3+ 25. Qxe3 Qf4 26. Qe4 g6 27. Rxc8 Rxc8 28. Qe2 Rc1 29. Rxc1 Qxc1+ 30. Kg2 Qg1+ 31. Kh3 Bd6 32. f4 Bxf4 33. Qf1 Qxf1+ 34. Bxf1 Bc1 35. b3 Bxa3 36. Kg3 Bb2 0-1